000 00970cab a2200181 4500
001 ##L133539
008 060517n2005 000 0 eng u
035 _a(Sirsi) u133539
041 0 _aeng
100 1 _aAllport, Dominic
245 0 4 _aThe UK high street
_bcurrent issues and their implications
260 _c2005
490 0 _aJournal of Retail and Leisure Property
_v5(1) 2-16(15)
520 _aAssesses how and to what extent ten key issues currently affecting the UK high street constitute a threat to its viability as a trading location. These issues are: the economy, the consumer, the internet, supermarkets, deflation, costs, planning, mezzanines, development pipeline, and physical configuration of stores. Considers the implications of these issues for retail businesses. [Taken from journal abstract].
651 4 _aUnited Kingdom
_y
690 _aPROPERTY-COMMERCIAL PROPERTY-RETAIL PROPERTY-TOWN CENTRE RETAIL PROPERTY-TOWN CENTRE SHOPS
942 _n0
999 _c77074
_d77074